000
00234 a2200097 4500
001
55646
100
_a
245
_a
Fangs of Ice ; the story of siachen
260
_a
Rawalpindi
_b
pak P.E.N Pubs
_c
1991
090
_c
34519
_d
34519
942
_a
NUST-CAE
_c
MONOGRAPH
_c
27246
999
_c
290719
_d
290719